000 003380000a22001090004500
090 _aAS
_bSeriadas
245 1 0 _aEmbriología de angiospermas
041 0 _aEspañol
100 1 _aCocucct, Alfredo E.
_999093
942 _cARTICULO
773 1 _tRevista de la Academia Colombiana de Ciencias Exactas, Fisicas y Naturales
_332
_h61
_q21-37
_d1986
_g16
999 _c14062
_d14062